000 00330nam a2200133Ia 4500
005 20260326235439.0
008 260326s9999||||xx |||||||||||||| ||und||
100 _aJohnson, Philip
245 0 _aMies Van der Rohe /
_cPhilip Johnson
260 _bThe Museum of Modern Art
300 _a207 p.
650 _aARQUITECTOS
942 _cBK
999 _c7341
_d7341